| 000 | 00665nam a22002774a 4500 | ||
|---|---|---|---|
| 001 | UByD003005 | ||
| 003 | AR-LpoUNG | ||
| 005 | 20240802141643.0 | ||
| 008 | 240802s2022||||ag g 000|f spa d | ||
| 020 | _a9789877692563 | ||
| 040 |
_aAR-LpoUNG _bspa _cAR-LpoUNG _eaacr |
||
| 041 | 0 | _aspa | |
| 044 | _aag | ||
| 082 | 0 | _aA863 864bos | |
| 100 | 1 | _aLópez, Julián | |
| 245 | 1 | 3 | _aEl bosque infinitesimal |
| 250 | _a1ra. ed. | ||
| 260 |
_aBuenos Aires : _bRandom House, _c2022. |
||
| 300 | _a222 p. | ||
| 650 | 4 | _aARGENTINA | |
| 650 | 4 | _aLITERATURA | |
| 650 | 4 | _aNOVELAS | |
| 653 | 0 | _aLITERATURA ARGENTINA | |
| 905 | _a56627 | ||
| 942 |
_cLIB _2ddc |
||
| 999 |
_c65597 _d65597 |
||